000 00466nam a2200181Ia 4500
001 9618
005 20260306161731.0
008 260306t2008||||xx |||||||||||||| ||spa||
041 _aESP
082 _a382.71
_bT34
100 _aCantuarias Salaverry, Fernando (comp.)
_eAUT
245 0 _aTLC Perú - Estados Unidos:
_bcontenido y aplicación
260 _c2008
300 _a606 páginas :
_c24 cm.
650 _aGEN
654 _aCAN
942 _cLIB
_dJUS
_fJUS
_2ddc
_n
999 _c9618
_d9618